| 000 | 00910cam a2200157ua 4500 | ||
|---|---|---|---|
| 041 |
_aeng _h |
||
| 082 |
_a624.131 _bIND/CO |
||
| 100 | _a, . | ||
| 110 | 1 |
_aIndian Standards Institution . _bISI _c() |
|
| 245 | 0 | 0 | _aCode of pracitce for in-situ shear test for soils IS:4434-1978 |
| 260 |
_aNew Delhi : _bIndian Standards Institution , _c1989. |
||
| 300 |
_a16 : _b506 ; . |
||
| 504 | _a | ||
| 942 | _cBK | ||
| 999 |
_c10552 _d10552 |
||